| 000 | 00832cam a2200313Mi 4500 | ||
|---|---|---|---|
| 001 | 93387 | ||
| 005 | 20230411090052.0 | ||
| 008 | 100607s2006 sp g 001 0 spa d | ||
| 035 | _a(OCoLC)ocn638825261 | ||
| 040 |
_aESUDE _bspa _cESUDE |
||
| 020 | _a8430606149 | ||
| 020 | _a9788430606146 | ||
| 035 | _a(OCoLC)638825261 | ||
| 080 | _a946.0.092 | ||
| 049 | _aGRAL | ||
| 245 | 1 | 3 |
_aLa guerra civil española / _c[director] Edward Malefakis. |
| 250 | _a2a. ed. | ||
| 260 |
_aMadrid: _bSantilla, _cD.L. 2006. |
||
| 300 |
_a696 p. ; _c24 cm. |
||
| 490 | 1 | _aTaurus historia | |
| 490 | 1 | _aHistoria | |
| 500 | _aÍndices. | ||
| 651 | 4 |
_aEspaña _xHistoria _y1936-1939 (Guerra civil) |
|
| 700 | 1 |
_aMalefakis, Edward, _eed. lit. |
|
| 830 | 0 | _aTaurus historia. | |
| 942 |
_2lcc _cbk |
||
| 994 |
_aC0 _bDRFGD |
||
| 946 | _aYM | ||
| 999 |
_c111918 _d111918 |
||